| 000 | 00359pab a2200121 454500 | ||
|---|---|---|---|
| 008 | 180718b xxu||||| |||| 00| 0 eng d | ||
| 100 | _aSampson, Charles L. | ||
| 245 | _aProfessional roles and perceptions of the public personnel functions | ||
| 650 | _a Public Personnel | ||
| 650 | _aPersonnel, Public | ||
| 773 | _aPublic Administrative Review | ||
| 909 | _a24418 | ||
| 999 |
_c24418 _d24418 |
||